000 02073cam a22004574i 4500
003 PE-LiUPU
005 20250731173332.0
008 150625s2004 tnu r 000 0 eng d
020 _a9780785252252
035 _a(Sirsi) i9780785252252
040 _aPE-LiUPU
_bspa
_cPE-LiUPU
_erda
049 _aPRUA
082 0 4 _a220.63
_bK612004
_221
100 1 _aKlein, William W.,
_eautor.
245 1 0 _aIntroduction to bliblical interpretation /
_cWilliam W. Klein, Graig L. Blomberg y Roberto L. Hubbard.
264 1 _aNashville :
_bThomas Nelson,
_c2004.
300 _a564 páginas ;
_c24 centímetros
336 _atext
_2rdacontent
337 _aunmediated
_2rdamedia
338 _avolume
_2rdacarrier
505 0 _aThe task of interpretation -- The need for hermeneutics -- The history of interpretation -- Recent literary and social-scientific approaches to interpretation -- The canon translations -- The interpreter and the goal -- The interpreter -- The goal of interpretation -- Understanding literature -- General rules of hermeneutics: prose -- General rules of hermeneutics: biblical poetry -- Understanding bible genres -- Genres of the old testament -- Genres of the new testament -- The fruits of interpretation.
526 _aSEG42
526 _aSEG41
526 _aSEG40
526 _aSEG39
526 _aP94
526 _aP87
526 _aP86
526 _aP85
526 _aP77
526 _aP76
526 _aP35
541 _g103-3336991-5762639;
650 0 4 _aHermenéutica bíblica.
910 _bng
_cng
_d20090303
942 _2ddc
_cBOOK
949 _a220.63 K61 2004
_wDEWEY
_c1
_i59360
_d2016-6-1
_e2016-6-1
_lCCODEBUL1
_mBUL
_n1
_p27.00
_r0
_sY
_tBOOK
_u2015-6-25
_xTEOLOGIA
_zUNKNOWN
_0COMPRA
_o.STAFF. Colección General
994 _aC0
_bPEPRU
596 _a1
999 _a220.63 K61 2004
_wDEWEY
_c48148
_i59360
_d48148
_e2016-6-1
_f2021-11-9
_g5
_lCCODEBUL1
_mBUL
_n1
_p27.00
_q1
_r0
_sY
_tBOOK
_u2015-6-25
_xTEOLOGIA
_PP35
_0COMPRA
_o.STAFF. Colección Teología
980 _81
_gALBERTO SANCHEZ Responsable de Automatización